Capitalism: (Record no. 14174)

MARC details
000 -LEADER
fixed length control field 00506nam a22001697a 4500
008 - FIXED-LENGTH DATA ELEMENTS--GENERAL INFORMATION
fixed length control field 180410b xxu||||| |||| 00| 0 eng d
020 ## - INTERNATIONAL STANDARD BOOK NUMBER
International Standard Book Number 9780255365987
050 ## - LIBRARY OF CONGRESS CALL NUMBER
Classification number HB501
Item number SEL 2007
100 ## - MAIN ENTRY--PERSONAL NAME
Personal name Seldon, Arthur
245 ## - TITLE STATEMENT
Title Capitalism:
Remainder of title a condensed version/
Statement of responsibility, etc. Arthur Seldon
260 ## - PUBLICATION, DISTRIBUTION, ETC. (IMPRINT)
Place of publication, distribution, etc. London:
Name of publisher, distributor, etc. The Institute of Economics Affrairs,
Date of publication, distribution, etc. 2007.
300 ## - PHYSICAL DESCRIPTION
Extent 85 p.:
Dimensions 15 cm.
440 ## - SERIES STATEMENT/ADDED ENTRY--TITLE
Title Occasional Paper 140
500 ## - GENERAL NOTE
General note Includes bibliographic reference.
650 ## - SUBJECT ADDED ENTRY--TOPICAL TERM
Form subdivision Capitalism.
942 ## - ADDED ENTRY ELEMENTS (KOHA)
Source of classification or shelving scheme Library of Congress Classification
Koha item type Books in General collection
Holdings
Withdrawn status Lost status Source of classification or shelving scheme Damaged status Not for loan Home library Current library Date acquired Total Checkouts Full call number Barcode Date last seen Copy number Price effective from Koha item type
    Library of Congress Classification     Mzuni ODeL-Mulanje Satellite Centre Library Mzuni ODeL-Mulanje Satellite Centre Library 10/04/2018   HB 501 SEL 2007 mZulm-017710 10/04/2018 017710 10/04/2018 Books in General collection